Revista de derecho penal. Derecho penal económico 2010 : derecho penal tributario - IV /
Guardado en:
| Formato: | Libro |
|---|---|
| Idioma: | Spanish |
| Publicado: |
Santa Fe :
Rubinzal Culzoni,
2010.
|
| Edición: | 1a. ed. |
| Materias: | |
| Etiquetas: |
Agregar Etiqueta
Sin Etiquetas, Sea el primero en etiquetar este registro!
|
| LEADER | 00537nam a22001575a 4500 | ||
|---|---|---|---|
| 001 | DER.der015423 | ||
| 008 | 251104s2010####ag#||||||||||||||#||spa|| | ||
| 005 | 20251104141414.0 | ||
| 245 | 1 | 0 | |a Revista de derecho penal. Derecho penal económico 2010 : |b derecho penal tributario - IV / |c Edgardo Alberto Donna. |
| 250 | |a 1a. ed. | ||
| 260 | |a Santa Fe : |b Rubinzal Culzoni, |c 2010. | ||
| 300 | |a 662 p. | ||
| 020 | |a 9789873001284 | ||
| 700 | 1 | |a Donna, Edgardo Alberto, |e dir. | |
| 650 | 7 | |a DERECHO PENAL ECONOMICO | |
| 859 | |a DERECHO |b BIB. DERECHO |h 345 |i REV |p 006415 | ||
